Vista normal Vista MARC

Entrada Personal Name

Número de registros utilizados en: 1

001 - CONTROL NUMBER

  • control field: 3285

003 - CONTROL NUMBER IDENTIFIER

  • control field: OSt

005 - DATE AND TIME OF LATEST TRANSACTION

  • control field: 20200420165203.0

008 - FIXED-LENGTH DATA ELEMENTS

  • fixed length control field: 200420|| aca||aabn | a|a d

040 ## - CATALOGING SOURCE

  • Original cataloging agency: OSt
  • Transcribing agency: OSt

100 ## - HEADING--PERSONAL NAME

  • Personal name: Guerrero, Ana Margoth,

670 ## - SOURCE DATA FOUND

  • Source citation: Work cat.: (OSt)4015: Guerrero, Ana Margoth, coordinadora, Política pública de archivos de derechos humanos, memoria histórica y conflicto armado /, 2017